书目信息 |
| 题名: |
汇编语言程序设计
|
|
| 作者: | 徐建民 编著 | |
| 分册: | ||
| 出版信息: | 北京 电子工业出版社 2001.09 |
|
| 页数: | 299页 | |
| 开本: | 26cm | |
| 丛书名: | ||
| 单 册: | ||
| 中图分类: | TP313 | |
| 科图分类: | ||
| 主题词: | 软件 | |
| 电子资源: | ||
| ISBN: | 7-5053-6706-4 | |
| 000 | 00559nam0 2200193 45 | |
| 001 | 0434036187 | |
| 005 | 2004091609271618 | |
| 010 | @a7-5053-6706-4@d22.00CNY | |
| 100 | @a20040916d2001 km y0chiy0120 ea | |
| 101 | 0 | @achi |
| 102 | @aCN@b110000 | |
| 200 | 1 | @a汇编语言程序设计@AHui Bian Yu Yan Cheng Xu She Ji@f徐建民等编著@FXu Jian Min Deng Bian Zhu |
| 210 | @a北京@c电子工业出版社@d2001.09 | |
| 215 | @a299页@d26cm | |
| 606 | 0 | @a软件 |
| 690 | @aTP313@v3 | |
| 701 | 0 | @a徐建民@AXu Jian Min@4编著 |
| 801 | 0 | @aCN@bPFT@c20040916 |
| 905 | @a安徽大学@dTP313@eX734 | |
| 汇编语言程序设计/徐建民等编著.-北京:电子工业出版社,2001.09 |
| 299页;26cm |
| ISBN 7-5053-6706-4:22.00CNY |
| ● |
| 相关链接 |
|
|
|
正题名:汇编语言程序设计
索取号:TP313/X734
 
预约/预借
| 序号 | 登录号 | 条形码 | 馆藏地/架位号 | 状态 | 备注 |
| 1 | 393661 | 203936615 | 期刊室512/301自科库 50排6列4层/ [索取号:TP313/X734] | 在馆 | |
| 2 | 393662 | 203936624 | 自科库301/301自科库 57排2列2层/ [索取号:TP313/X734] | 在馆 | |
| 3 | 393663 | 203936633 | 自科二线404/404自科库 12排5列4层/ [索取号:TP313/X734] | 在馆 |